Norte contra Sur / (Record no. 167309)
[ view plain ]
| 000 -LEADER | |
|---|---|
| campo de control de longitud fija | 01338nam a22002775i 4500 |
| 001 - NÚMERO DE CONTROL | |
| campo de control | 167309 |
| 003 - IDENTIFICADOR DE NÚMERO DE CONTROL | |
| campo de control | ES-MaACL |
| 005 - FECHA Y HORA DE LA ÚLTIMA TRANSACCIÓN | |
| campo de control | 20250818063111.0 |
| 008 - DATOS DE LONGITUD FIJA--INFORMACIÓN GENERAL | |
| campo de control de longitud fija | 010307q18701925sp af |||| | spa d |
| 040 ## - FUENTE DE CATALOGACIÓN | |
| Centro catalogador/agencia de origen | CAM |
| Lengua de catalogación | spa |
| Centro/agencia transcriptor | CAM |
| 100 1# - ENTRADA PRINCIPAL--NOMBRE DE PERSONA | |
| Nombre de persona | Verne, Jules, |
| Fechas asociadas al nombre | 1828-1905 |
| 9 (RLIN) | 188654 |
| 245 10 - MENCIÓN DEL TÍTULO | |
| Título | Norte contra Sur / |
| Mención de responsabilidad, etc. | obra escrita en francés por Julio Verne ; versión española. |
| 250 ## - MENCION DE EDICION | |
| Mención de edición | Ed. il. con grab. |
| 260 ## - PUBLICACIÓN, DISTRIBUCIÓN, ETC. | |
| Lugar de publicación, distribución, etc. | Madrid : |
| Nombre del editor, distribuidor, etc. | Sáenz de Jubera, Hermanos, |
| Fecha de publicación, distribución, etc. | [s.a.] ( |
| Fabricante | Establecimiento tipográfico "Sucesores de Rivadeneyra") |
| 300 ## - DESCRIPCIÓN FÍSICA | |
| Extensión | 4 v. : |
| Otras características físicas | il. ; |
| Dimensiones | 28 cm. |
| 490 1# - MENCIÓN DE SERIE | |
| Mención de serie | Obras Completas de Julio Verne |
| 594 ## - Nota al título y mención de responsabilidad | |
| Nota al título y mención de responsabilidad | En las ports de los cuadernos tercero y cuarto, consta : Edición ilustrada con más de cien grabados por Benett y un mapa. |
| 596 ## - NOTA AL PIE DE IMPRENTA | |
| NOTA AL PIE DE IMPRENTA | Según el Catalogo Colectivo del Patrimonio Bibliográfico Español del Siglo XIX, Sáenz de Jubera, hermanos ejercen entre 1892-1895. |
| 597 ## - NOTA DE DESCRIPCIÓN FÍSICA | |
| NOTA DE DESCRIPCIÓN FÍSICA | Texto a dos col. |
| 597 ## - NOTA DE DESCRIPCIÓN FÍSICA | |
| NOTA DE DESCRIPCIÓN FÍSICA | Cada una de las partes con port. y pag. propias. |
| 597 ## - NOTA DE DESCRIPCIÓN FÍSICA | |
| NOTA DE DESCRIPCIÓN FÍSICA | T.I. (61 p.) -- T.II. (63 p.) -- T.III. (62 p. ) -- T.IV. (61p.) |
| 700 1# - ENTRADA AGREGADA--NOMBRE PERSONAL | |
| Nombre de persona | Bénett, Léon, |
| Fechas asociadas al nombre | 1839-1916 |
| 9 (RLIN) | 27541 |
| 830 00 - PUNTO DE ACCESO ADICIONAL DE SERIE-TÍTULO UNIFORME | |
| Título uniforme | Obras completas de Julio Verne ilustradas con grabados |
| 9 (RLIN) | 222615 |
| 852 ## - LOCALIZACIÓN | |
| Ubicación | ES-MaACL |
| Número de control de estantería | B-12394(9-12) |
| Nota libre | -- Enc. ed. en tela roja con planchas polícromas |
| Estatus retirado | Estado de pérdida | Estado de daño | No para préstamo | Biblioteca de origen | Biblioteca actual | Ubicación en estantería | Fecha de adquisición | Fuente de adquisición | Total de préstamos | Signatura topográfica completa | Código de barras | Visto por última vez | Precio de reemplazo | Tipo de ítem Koha |
|---|---|---|---|---|---|---|---|---|---|---|---|---|---|---|
| Biblioteca del Ateneo de Madrid | Biblioteca del Ateneo de Madrid | Sala Pardo Bazán | 17/01/2008 | B-12394(9-12) | 1175509 | 23/02/2023 | 23/02/2023 | Libro impreso |
